LEADER 00947nam0-22003011i-450- 001 990008120130403321 005 20050526164709.0 035 $a000812013 035 $aFED01000812013 035 $a(Aleph)000812013FED01 035 $a000812013 100 $a20050526d1996----km-y0itay50------ba 101 0 $ager 102 $aDE 105 $aa-------001yy 200 1 $aLeipzig - Stadt, Handel, Messe$edie städtebauliche Entwicklung der Stadt Leipzig als Handels - und Messestadt$fNiels Gormsen 210 $aLeipzig$cInstitut für Länderkunde$d1996 215 $a84 p.$cin gran parte ill.$d30 cm 225 1 $aDaten, Fakten, Literatur zur Geographie Europas$v3 610 0 $aLeipzig 700 1$aGormsen,$bNiels$0497827 801 0$aIT$bUNINA$gRICA$2UNIMARC 901 $aBK 912 $a990008120130403321 952 $aB-Eu 0034$bI.G. 2771$fILFGE 959 $aILFGE 996 $aLeipzig - Stadt, Handel, Messe$9757988 997 $aUNINA LEADER 00854cam0-22003131i-450- 001 990006909260403321 005 20080123104920.0 010 $a0-340-74041-8 035 $a000690926 035 $aFED01000690926 035 $a(Aleph)000690926FED01 035 $a000690926 100 $a20010426d2000----km-y0itay50------ba 101 0 $aeng 105 $ay-------001yy 200 1 $aApplied stochastic modelling$fByron J. T. Morgan 210 $aLondon$cArnold$d2000 215 $aXXII, 297 p.$d24 cm 225 1 $aArnold texts in statistics 610 0 $aProcessi stocastici 676 $a519.2 700 1$aMorgan,$bByron J.T.$0102104 801 0$aIT$bUNINA$gRICA$2UNIMARC 901 $aBK 912 $a990006909260403321 952 $aVI E 851$b36582$fFSPBC 959 $aFSPBC 996 $aApplied stochastic modelling$9629912 997 $aUNINA LEADER 02303nam 2200601 450 001 9910451818703321 005 20200520144314.0 010 $a1-280-85135-X 010 $a9786610851355 010 $a1-4081-0254-4 035 $a(CKB)1000000000482990 035 $a(EBL)320267 035 $a(OCoLC)232575281 035 $a(SSID)ssj0000106624 035 $a(PQKBManifestationID)11999078 035 $a(PQKBTitleCode)TC0000106624 035 $a(PQKBWorkID)10110384 035 $a(PQKB)10529490 035 $a(MiAaPQ)EBC320267 035 $a(Au-PeEL)EBL320267 035 $a(CaPaEBR)ebr11089454 035 $a(CaONFJC)MIL85135 035 $a(OCoLC)935265042 035 $a(EXLCZ)991000000000482990 100 $a20150814d2009 uy| 0 101 0 $aeng 135 $aur|n|---||||| 181 $ctxt 182 $cc 183 $acr 200 00$aAssert yourself $ehow to find your voice and make your mark 205 $aRevised edition. 210 1$aLondon :$cA&C Black,$d2009. 215 $a1 online resource (97 p.) 225 1 $aSteps to success 300 $aIncludes index. 311 $a0-7136-8404-6 327 $aCover; Titlepage; Copyright; Contents; How assertive are you?; 1 Communicating assertively at work; 2 Developing presence; 3 Building confidence at work; 4 Managing others' perceptions; 5 Using non-verbal communication; 6 Dealing with stressful relationships and bullying; 7 Improving leadership skills; 8 Negotiating the pay rise you deserve; Where to find more help; Index 330 $aFull of practical, step-by-step advice on how to boost your self confidence and deal with others assertively without appearing aggressive, Assert yourself contains a self-assessment quiz, top tips, common mistakes and advice on how to avoid them, summaries of key points, plus lists of handy books and weblinks. 410 0$aSteps to success. 606 $aAssertiveness (Psychology) 606 $aInterpersonal communication 608 $aElectronic books. 615 0$aAssertiveness (Psychology) 615 0$aInterpersonal communication. 676 $a650.13 801 0$bMiAaPQ 801 1$bMiAaPQ 801 2$bMiAaPQ 906 $aBOOK 912 $a9910451818703321 996 $aAssert yourself$92130833 997 $aUNINA LEADER 02476nam 2200577 a 450 001 9911009213203321 005 20241226110045.0 010 $a9781452296579 010 $a145229657X 010 $a9781452299181 010 $a1452299188 010 $a9781483387734 010 $a1483387739 035 $a(CKB)3710000000333658 035 $a(StDuBDS)EDZ0000996581 035 $a(MiAaPQ)EBC4697115 035 $a(OCoLC)1007861361 035 $a237637 035 $a(EXLCZ)993710000000333658 100 $a20141202d2011 fy| 0 101 0 $aeng 135 $aur||||||||||| 181 $2rdacontent 182 $2rdamedia 183 $2rdacarrier 200 00$aEducational neuroscience /$fDavid A. Sousa, editor ; with contributions by David A. Sousa ... [et al.] 210 $aThousand Oaks, Calif. $cCorwin$dc2011 215 $a1 online resource (xviii, 176 p.) $cill 225 1 $aThe best of Corwin series 311 08$a9781452217345 311 08$a1452217343 320 $aIncludes bibliographical references. 327 $gThe$tphysiology of the brain /$rDavid A. Sousa --$gThe$tchild's brain /$rRobert Sylwester --$gThe$tadolescent's brain /$rSheryl G. Feinstein --$gThe$tliterate brain /$rPamela Nevills --$gThe$tnumerate brain /$rDavid A. Sousa --$gThe$tmale and the female brain /$rAbigail Norfleet James --$gThe$tspecial needs brain /$rEric Jensen --$tCalming the brain /$rMichael A. Scaddan --$tEngaging the brain /$rMarcia L. Tate --$tFocusing the brain /$rMarcia L. Tate --$tEnergizing the brain /$rEric Jensen. 330 8 $aFeaturing the works of recognised pioneers in the nascent field of educational neuroscience, this collection shows how to apply current brain research to teaching and learning. The book is divided into three parts: The Developing Brain, The Brain in School, and Instructional Strategies for Every Brain. 410 0$aBest of Corwin series. 606 $aLearning$xPhysiological aspects 606 $aLearning, Psychology of 606 $aBrain$xLocalization of functions 606 $aNeurosciences 615 0$aLearning$xPhysiological aspects. 615 0$aLearning, Psychology of. 615 0$aBrain$xLocalization of functions. 615 0$aNeurosciences. 676 $a612.8233 701 $aSousa$b David A$0884737 801 0$bStDuBDS 801 1$bStDuBDS 906 $aBOOK 912 $a9911009213203321 996 $aEducational neuroscience$94395804 997 $aUNINA